书目信息 |
| 题名: |
风光摄影
|
|
| 作者: | 顾纬 著 | |
| 分册: | ||
| 出版信息: | 郑州 河南科学技术出版社 1999.09 |
|
| 页数: | 90页 | |
| 开本: | 32开 | |
| 丛书名: | ||
| 单 册: | ||
| 中图分类: | J414 | |
| 科图分类: | ||
| 主题词: | 摄影技术--普及读物 , 摄影艺术--各种 | |
| 电子资源: | ||
| ISBN: | 7-5349-2347-6 | |
| 000 | 00559nam0 2200205 45 | |
| 001 | 0008020941 | |
| 005 | 20000802093351.7 | |
| 010 | @a7-5349-2347-6@d13.50元 | |
| 100 | @a20000802d1999 km y0chiy0120 ea | |
| 101 | 0 | @achi |
| 105 | @a z 000yy | |
| 200 | 1 | @a风光摄影@AFeng Guang She Ying@f顾纬 著@FGu Wei Zhu |
| 210 | @a郑州@c河南科学技术出版社@d1999.09 | |
| 215 | @a90页@d32开 | |
| 606 | 0 | @a摄影技术@x普及读物 |
| 606 | 0 | @a摄影艺术@x各种 |
| 690 | @aJ414@v3 | |
| 701 | 0 | @a顾纬@4著 |
| 801 | @aCN@bPftUser@c20000802 | |
| 905 | @b85519-523@dJ414@eG.125@f5 | |
| 风光摄影/顾纬 著.-郑州:河南科学技术出版社,1999.09 |
| 90页;32开 |
| ISBN 7-5349-2347-6:13.50元 |
| ● |
| 相关链接 |
|
|
|
正题名:风光摄影
索取号:J414/G.125
 
预约/预借
| 序号 | 登录号 | 条形码 | 馆藏地/架位号 | 状态 | 备注 |
| 1 | 85519 | 200855191 | 自科二线404/309社科库 84排2列3层/ [索取号:J414/G.125] | 在馆 | |
| 2 | 85520 | 200855208 | 自科二线404/309社科库 84排2列3层/ [索取号:J414/G.125] | 在馆 | |
| 3 | 85521 | 200855217 | 社科库309/ [索取号:J414/G.125] | 在馆 | |
| 4 | 85522 | 200855226 | 社科库309/309社科库 84排2列3层/ [索取号:J414/G.125] | 在馆 | |
| 5 | 85523 | 200855235 | 自科二线404/309社科库 84排2列3层/ [索取号:J414/G.125] | 在馆 |